माइक्रोप्रोसेसर संरचना एवं प्रोग्रामिंग / (Record no. 61652)

MARC details
000 -LEADER
fixed length control field 00964nam a22002177a 4500
005 - DATE AND TIME OF LATEST TRANSACTION
control field 20120130120335.0
010 ## - LCCN (DPL NO)
LC control number
020 ## - INTERNATIONAL STANDARD BOOK NUMBER
Terms of availability 150.00
International Standard Book Number 8186308857
035 ## - SYSTEM CONTROL NUMBER
System control number B-69605
037 ## - SOURCE OF ACQUISITION
Source of stock number/acquisition
Stock number dpl
082 ## - DEWEY DECIMAL CLASSIFICATION NUMBER
Classification number 004.16
100 ## - MAIN ENTRY--PERSONAL NAME
Personal name शर्मा, वाई.डी.
245 ## - TITLE STATEMENT
Title माइक्रोप्रोसेसर संरचना एवं प्रोग्रामिंग /
Statement of responsibility, etc वाई.डी. शर्मा
246 ## - VARYING FORM OF TITLE
Title proper/short title
Remainder of title
260 ## - PUBLICATION, DISTRIBUTION, ETC. (IMPRINT)
Place of publication, distribution, etc दिल्ली
Name of publisher, distributor, etc स्टैण्डर्ड पब्लि.
Date of publication, distribution, etc 2002
270 ## - ADDRESS
Address
City दिल्ली
Postal code
300 ## - PHYSICAL DESCRIPTION
Extent 490पृ
Dimensions 25सेमी (सजिल्द)
Other physical details
650 ## - SUBJECT ADDED ENTRY--TOPICAL TERM
Topical term or geographic name as entry element कम्प्यूटर विज्ञान
942 ## - ADDED ENTRY ELEMENTS (KOHA)
Source of classification or shelving scheme Dewey Decimal Classification
Item type Hindi Books
Call number suffix शर्मावा
Classification part 004.16
Holdings
Withdrawn status Lost status Not for loan Collection code Home library Current library Date acquired Cost, normal purchase price Full call number Barcode Cost, replacement price Koha item type
      Non-fiction Sarojini Nagar Sarojini Nagar 30/01/2012 150.00 004.16 शर्मावा B-69605 150.00 Hindi Books

© Delhi Public Library
Hit Counter
free hit counter